Automotive engines (Record no. 12154)

000 -LEADER
fixed length control field 00538nam a2200193 4500
001 - CONTROL NUMBER
control field 12154
003 - CONTROL NUMBER IDENTIFIER
control field BD-DhUET
008 - FIXED-LENGTH DATA ELEMENTS--GENERAL INFORMATION
fixed length control field 710511s1971 nyuah 001 0 eng
040 ## - CATALOGING SOURCE
Original cataloging agency DLC
Transcribing agency DLC
Modifying agency BD-DhUET
082 00 - DEWEY DECIMAL CLASSIFICATION NUMBER
Classification number 629.25
Item number CRO/1971
100 ## - MAIN ENTRY--PERSONAL NAME
Personal name Crouse, William H.
245 10 - TITLE STATEMENT
Title Automotive engines
Remainder of title construction, operation, and maintenance
250 ## - EDITION STATEMENT
Edition statement 4th ed.
260 ## - PUBLICATION, DISTRIBUTION, ETC. (IMPRINT)
Place of publication, distribution, etc. New York
Name of publisher, distributor, etc. McGraw-Hill
Date of publication, distribution, etc. 1971
300 ## - PHYSICAL DESCRIPTION
Extent 495 p.
Other physical details illus.
Dimensions 26 cm.
490 0# - SERIES STATEMENT
Series statement McGraw-Hill automotive technology series
650 #0 - SUBJECT ADDED ENTRY--TOPICAL TERM
Topical term or geographic name as entry element Automobiles
942 ## - ADDED ENTRY ELEMENTS (KOHA)
Koha item type General Book
Holdings
Source of classification or shelving scheme Sublocation or collection (holding branch) Withdrawn status Lost status Shelving location Koha date last seen Date acquired Copy number Koha normalized classification for sorting Koha full call number Price effective from Koha item type Damaged status Piece designation (barcode) Not for loan Location (home branch)
 Central Library, BUET  Circulation section2015-02-242015-02-241629_250000000000000_CRO_1971629.25/CRO/19712015-02-24General Book 31220 Central Library, BUET
 Central Library, BUET  Circulation section2015-02-262015-02-262629_250000000000000_CRO_1971629.25/CRO/19712015-02-26General Book 34748 Central Library, BUET
 Central Library, BUET  Circulation section2015-05-112015-05-113629_250000000000000_CRO_1971629.25/CRO/19712015-05-11General Book 31223 Central Library, BUET
 Central Library, BUET  Circulation section2015-05-112015-05-114629_250000000000000_CRO_1971629.25/CRO/19712015-05-11General Book 31218 Central Library, BUET
 Central Library, BUET  Reading section2015-06-202015-06-205629_250000000000000_CRO_1971629.25/CRO/19712015-06-20Reading Item 26344 Central Library, BUET
 Central Library, BUET  Reading section2015-06-302015-06-306629_250000000000000_CRO_1971629.25/CRO/19712015-06-30Reading Item 31221 Central Library, BUET